000 00448nam a2200181Ia 4500
001 19382
005 20260306172649.0
008 260306t2020||||xx |||||||||||||| ||spa||
041 _aESP
082 _a658.848
_bL49
100 _aLerma Kirchner, Alejandro E.
_eAUT
245 0 _aComercio y marketing internacional
260 _c2020
300 _axxii, 558 páginas :
_c27 cm.
650 _aGEN
654 _aCAN
942 _cLIB
_dJUS
_fJUS
_2ddc
_n
999 _c19382
_d19382